[Event "37th Zalakaros Festival 2018"]
[Site "Zalakaros"]
[Date "2018.06.01"]
[Round "8"]
[White "Vanczak, Tamas"]
[Black "Czebe, Attila"]
[Result "1-0"]
[WhiteElo "2303"]
[BlackElo "2422"]
[Annotator "TA"]
[PlyCount "87"]
[EventDate "2018.??.??"]
[EventType "swiss"]
[EventCountry "HUN"]
[SourceTitle "playchess.com"]
[Source "ChessBase"]
[SourceQuality "1"]

{[%evp 17,87,34,35,29,24,19,22,16,26,21,38,21,52,43,45,23,49,43,46,48,43,46,44,45,49,39,52,43,70,45,43,29,50,50,50,50,178,178,189,183,183,187,179,187,189,179,187,184,200,200,300,302,297,297,297,271,301,298,285,270,292,240,256,309,300,239,341,323,1011,973,29983,29984]} 1. e4 d6 2. d4 g6 3. Nf3 Nf6 4. Bd3 Bg7 5. O-O O-O 6. c3 Nbd7 7. Re1 e5 8. h3 {B07: Pirc Defence: Miscellaneous Systems} c6 9. a4 Qc7 {LiveBook: 8 Games} 10. dxe5 $146 {White is slightly better.} ({Predecessor:} 10. Na3 b6 11. Nc4 Bb7 12. b3 b5 13. axb5 cxb5 {1-0 (31) Shabalov,A (2611)-Novikov,S (2557) Moscow 2010}) 10... Nxe5 11. Nxe5 dxe5 12. Be3 b6 13. Qc2 Bb7 14. Na3 Rfe8 15. b4 Bf8 16. Nc4 Rad8 17. f3 Bc8 18. Bf1 Nh5 19. Qf2 c5 20. b5 Nf4 21. Red1 Bg7 22. Qc2 f5 23. Rxd8 Rxd8 24. Rd1 fxe4 25. Rxd8+ Qxd8 26. Qxe4 Nd5 {[#]} (26... Qd5 $14) 27. Bg5 $1 $18 {[%cal Rg5d8][%mdl 512]} Qd7 (27... Qxg5 28. Qxd5+) 28. Nxe5 Qe6 29. Bc4 Qxe5 30. Qxd5+ Qxd5 31. Bxd5+ {[%mdl 4096] Endgame KBB-KBB} Kf8 {[#]} 32. c4 $1 Bf5 33. Bf4 Bc2 (33... Bd4+ $142 34. Kh1 Ke7) 34. Bb8 Bc3 35. Bxa7 Ba5 36. Bb8 Bxa4 37. Be5 Bc2 38. Kf2 Bd3 39. f4 {[%cal Bf3f4,Bf4f5][%mdl 32]} Bd2 40. Bc7 Ba5 41. g4 Kg7 (41... Ke7 {was called for.} 42. h4 h5) 42. Ke3 Bf1 $2 (42... Bc2 43. Be5+ Kf8) 43. Be5+ Kf8 44. f5 {Precision: White = 74%, Black = 25%.} 1-0

[Event "37th Zalakaros Festival 2018"]
[Site "Zalakaros"]
[Date "2018.06.01"]
[Round "8"]
[White "Borsos, Bogdan"]
[Black "Bozinovic, Bogdan"]
[Result "1/2-1/2"]
[WhiteElo "2277"]
[BlackElo "2176"]
[Annotator "NA"]
[PlyCount "112"]
[EventDate "2018.??.??"]
[EventType "swiss"]
[EventCountry "HUN"]
[SourceTitle "playchess.com"]
[Source "ChessBase"]
[SourceQuality "1"]
[TimeControl "40/5400+30:1800+30"]

1. d4 {[%emt 0:00:37]} Nf6 {[%emt 0:00:58]} 2. Nf3 {[%emt 0:01:06]} c5 {[%emt 0:00:58]} 3. c3 {[%emt 0:00:42]} e6 {[%emt 0:02:00]} 4. Bg5 {[%emt 0:01:39]} Nc6 {[%emt 0:00:47]} 5. e3 {[%emt 0:00:20]} h6 {[%emt 0:00:59]} 6. Bxf6 {[%emt 0:00:27]} Qxf6 {[%emt 0:00:11]} 7. Nbd2 {[%emt 0:00:13]} Qd8 {[%emt 0:04:11]} 8. Bd3 {[%emt 0:05:02]} b6 {[%emt 0:02:06]} 9. O-O {[%emt 0:01:14]} Bb7 {[%emt 0:00:26]} 10. a3 {[%emt 0:00:05]} Be7 {[%emt 0:01:44]} 11. b4 {[%emt 0:00:32]} O-O {[%emt 0:02:15]} 12. e4 {[%emt 0:06:57]} d6 {[%emt 0:04:27]} 13. Re1 {[%emt 0:02:05]} Qc7 {[%emt 0:00:53]} 14. Qe2 {[%emt 0:03:27]} Rfe8 {[%emt 0:01:40]} 15. Rac1 {[%emt 0:00:12]} Rac8 {[%emt 0:01:00]} 16. Nf1 {[%emt 0:10:58]} Nb8 {[%emt 0:08:00]} 17. Qd2 {[%emt 0:02:28]} Nd7 {[%emt 0:01:00]} 18. h3 {[%emt 0:01:23]} Qb8 $11 {[%emt 0:02:35]} 19. Ng3 {[%emt 0:02:47]} cxd4 {[%emt 0:04:21]} 20. cxd4 {[%emt 0:00:10]} Rxc1 {[%emt 0:00:34]} 21. Rxc1 {[%emt 0:00:41]} Rc8 {[%emt 0:00:07]} 22. Re1 {[%emt 0:10:24]} Qc7 {[%emt 0:00:41]} 23. Qe3 {[%emt 0:00:24]} Qc3 {[%emt 0:01:16]} 24. d5 {[%emt 0:01:28]} e5 {[%emt 0:04:26]} 25. Nf5 {[%emt 0:05:54]} Bf8 {[%emt 0:00:17]} 26. Bb5 {[%emt 0:09:07]} Nf6 {[%emt 0:03:11]} 27. Nd2 {[%emt 0:02:26]} Qxe3 {[%emt 0:09:40]} 28. Nxe3 {[%emt 0:00:19]} g6 {[%emt 0:02:02]} 29. f3 {[%emt 0:11:40]} h5 {[%emt 0:00:29]} 30. Kf2 {[%emt 0:02:51]} h4 {[%emt 0:03:06]} 31. Rd1 {[%emt 0:03:01]} Rc7 {[%emt 0:03:11]} 32. Bc6 {[%emt 0:03:06]} Nh5 {[%emt 0:01:53]} 33. Bxb7 {[%emt 0:03:13]} Rxb7 {[%emt 0:00:14]} 34. Rc1 {[%emt 0:00:02]} Nf4 {[%emt 0:04:30]} 35. Rc8 {[%emt 0:00:14]} Kg7 {[%emt 0:00:37]} 36. Ndc4 {[%emt 0:00:26]} Be7 {[%emt 0:00:52]} 37. Rc6 {[%emt 0:01:20]} Rd7 {[%emt 0:01:30]} 38. Nd1 {[%emt 0:01:34]} b5 {[%emt 0:03:35]} 39. Na5 {[%emt 0:00:23]} Bd8 {[%emt 0:01:36]} 40. Nc3 {[%emt 0:00:00]} Bxa5 {[%emt 0:01:45]} 41. bxa5 {[%emt 0:00:58]} b4 {[%emt 0:00:14]} 42. axb4 {[%emt 0:00:43]} Nd3+ {[%emt 0:00:09]} 43. Ke2 {[%emt 0:04:38]} Nxb4 {[%emt 0:00:16]} 44. Nb5 {[%emt 0:00:18]} Kf8 {[%emt 0:04:28]} 45. Rc8+ {[%emt 0:13:15]} Ke7 {[%emt 0:01:52]} 46. Rb8 {[%emt 0:02:47]} Na6 {[%emt 0:08:52]} 47. Ra8 {[%emt 0:00:09]} Nc7 {[%emt 0:00:10]} 48. Nxc7 {[%emt 0:00:07]} Rxc7 {[%emt 0:00:01]} 49. Kd3 {[%emt 0:00:22]} Kd7 {[%emt 0:03:36]} 50. a6 {[%emt 0:00:18]} Ke7 {[%emt 0:00:15]} 51. Kd2 {[%emt 0:03:36]} Kd7 {[%emt 0:00:15]} 52. Rh8 {[%emt 0:02:57]} Rc5 {[%emt 0:00:21]} 53. Ra8 {[%emt 0:00:05]} Rc7 {[%emt 0:00:05]} 54. Rf8 {[%emt 0:00:21]} Ke7 {[%emt 0:00:13]} 55. Rh8 {[%emt 0:01:10]} Rc5 {[%emt 0:00:07]} 56. Ra8 {[%emt 0:00:29]} Rc7 {[%emt 0:00:06]} 1/2-1/2

[Event "37th Zalakaros Festival 2018"]
[Site "Zalakaros"]
[Date "2018.06.01"]
[Round "8"]
[White "Saber, Yasser"]
[Black "Meszaros, Tamas"]
[Result "1/2-1/2"]
[WhiteElo "2266"]
[BlackElo "2407"]
[Annotator "NA"]
[PlyCount "53"]
[EventDate "2018.??.??"]
[EventType "swiss"]
[EventCountry "HUN"]
[SourceTitle "playchess.com"]
[Source "ChessBase"]
[SourceQuality "1"]
[TimeControl "40/5400+30:1800+30"]

1. d4 {[%emt 0:03:38]} Nf6 {[%emt 0:00:37]} 2. c4 {[%emt 0:00:20]} e6 {[%emt 0:00:06]} 3. Nc3 {[%emt 0:00:15]} Bb4 {[%emt 0:00:22]} 4. e3 {[%emt 0:00:24]} c5 {[%emt 0:00:45]} 5. Nge2 {[%emt 0:00:25]} cxd4 {[%emt 0:00:48]} 6. exd4 {[%emt 0:00:04] LiveBook: 1298 Games} O-O {[%emt 0:00:11]} 7. a3 {[%emt 0:00:09]} Be7 {[%emt 0:00:04]} 8. Nf4 {[%emt 0:00:09]} d6 {[%emt 0:00:45]} 9. Be2 {[%emt 0:00:37]} e5 {[%emt 0:05:48]} 10. dxe5 {[%emt 0:01:26]} dxe5 {[%emt 0:00:05]} 11. Nfd5 {[%emt 0:00:44]} Nxd5 {[%emt 0:00:10]} 12. cxd5 {[%emt 0:14:05]} Bd6 {[%emt 0:18:09]} 13. O-O {[%emt 0:01:09]} Na6 $11 {[%emt 0:09:10]} 14. Ne4 {[%emt 0:14:52]} Bf5 {[%emt 0:03:26]} 15. Bxa6 {[%emt 0:01:42]} bxa6 {[%emt 0:10:10]} 16. Re1 {[%emt 0:16:16]} Rb8 {[%emt 0:15:37]} 17. f3 {[%emt 0:07:16]} Bxe4 {[%emt 0:05:50]} 18. Rxe4 {[%emt 0:05:28]} f5 {[%emt 0:09:43]} 19. Re2 {[%emt 0:00:08]} Bc5+ {[%emt 0:06:24]} 20. Kh1 {[%emt 0:02:56]} Bd4 {[%emt 0:00:24]} 21. f4 {[%emt 0:15:35]} Qxd5 {[%emt 0:00:05]} 22. fxe5 {[%emt 0:00:46]} f4 {[%emt 0:00:49]} 23. Rf2 {[%emt 0:09:58]} Qxe5 {[%emt 0:00:37]} 24. Rf3 {[%emt 0:01:54]} Kh8 {[%emt 0:09:41]} 25. Bd2 {[%emt 0:01:29]} Rxb2 {[%emt 0:01:50]} 26. Rc1 {[%emt 0:00:28]} Rb6 {[%emt 0:01:00]} 27. Bxf4 1/2-1/2

[Event "37th Zalakaros Festival 2018"]
[Site "Zalakaros"]
[Date "2018.06.01"]
[Round "8"]
[White "Kernazhitsky, Leonid"]
[Black "Medancic, Rikard"]
[Result "1/2-1/2"]
[WhiteElo "2250"]
[BlackElo "2164"]
[Annotator "NA"]
[PlyCount "20"]
[EventDate "2018.??.??"]
[EventType "swiss"]
[EventCountry "HUN"]
[SourceTitle "playchess.com"]
[Source "ChessBase"]
[SourceQuality "1"]
[TimeControl "40/5400+30:1800+30"]

{[%evp 8,16,54,10,0,17,20,9,31,14,45]} 1. e4 {[%emt 0:00:03]} e5 {[%emt 0:00:37]} 2. Nf3 {[%emt 0:00:36]} Nf6 {[%emt 0:00:07]} 3. Nxe5 {[%emt 0:01:20]} d6 {[%emt 0:00:05]} 4. Nf3 {[%emt 0:00:09]} Nxe4 {[%emt 0:00:08]} 5. Nc3 {[%emt 0:00:12]} Nxc3 {[%emt 0:00:08]} 6. dxc3 {[%emt 0:00:05]} Be7 {[%emt 0:00:03]} 7. Be3 {[%emt 0:00:29]} Nc6 {[%emt 0:00:08] LiveBook: 622 Games} 8. Qd2 {[%emt 0:00:15]} Ne5 $14 {[%emt 0:00:22]} 9. Be2 {[%emt 0:05:51]} O-O {[%emt 0:05:42]} 10. O-O-O {[%emt 0:01:03]} Ng4 {[%emt 0:02:08]} 1/2-1/2

[Event "37th Zalakaros Festival 2018"]
[Site "Zalakaros"]
[Date "2018.06.01"]
[Round "8"]
[White "Hardicsay, Peter"]
[Black "Pasti, Aron"]
[Result "1-0"]
[WhiteElo "2211"]
[BlackElo "2064"]
[Annotator "NA"]
[PlyCount "73"]
[EventDate "2018.??.??"]
[EventType "swiss"]
[EventCountry "HUN"]
[SourceTitle "playchess.com"]
[Source "ChessBase"]
[SourceQuality "1"]
[TimeControl "40/5400+30:1800+30"]

1. c4 {[%emt 0:00:21]} e5 {[%emt 0:00:36]} 2. Nc3 {[%emt 0:00:15]} Nf6 {[%emt 0:00:04]} 3. Nf3 {[%emt 0:00:30]} Nc6 {[%emt 0:00:02]} 4. g3 {[%emt 0:00:18]} d5 {[%emt 0:00:02]} 5. cxd5 {[%emt 0:00:10]} Nxd5 {[%emt 0:00:08]} 6. Bg2 {[%emt 0:00:11]} Nb6 {[%emt 0:00:04] LiveBook: 3789 Games} 7. O-O {[%emt 0:00:32]} Be7 {[%emt 0:00:06]} 8. a3 {[%emt 0:02:18]} O-O {[%emt 0:00:11]} 9. b4 {[%emt 0:01:14]} Be6 {[%emt 0:00:13]} 10. d3 {[%emt 0:03:16]} a5 {[%emt 0:04:04]} 11. b5 {[%emt 0:02:32]} Nd4 {[%emt 0:00:14]} 12. Rb1 {[%emt 0:07:35]} Nd5 $11 {[%emt 0:17:31]} 13. Na4 {[%emt 0:18:49]} Nxf3+ {[%emt 0:18:54]} 14. Bxf3 {[%emt 0:00:29]} f5 {[%emt 0:00:55]} 15. Qc2 {[%emt 0:05:04]} Rc8 {[%emt 0:05:04]} 16. Nc5 {[%emt 0:08:26]} Bxc5 {[%emt 0:01:14]} 17. Qxc5 {[%emt 0:00:08]} Qd6 {[%emt 0:04:01]} 18. Qc2 {[%emt 0:06:29]} b6 {[%emt 0:11:57]} 19. Bb2 {[%emt 0:02:13]} Rfe8 {[%emt 0:03:53]} 20. Rfc1 {[%emt 0:03:34]} Bf7 {[%emt 0:02:18]} 21. Qa4 {[%emt 0:03:51]} Ne7 {[%emt 0:04:40]} 22. Bg2 {[%emt 0:01:41]} Bd5 {[%emt 0:03:04]} 23. e4 {[%emt 0:01:48]} Be6 {[%emt 0:12:13]} 24. d4 {[%emt 0:08:22]} exd4 {[%emt 0:01:51]} 25. Qxd4 {[%emt 0:01:32]} Qxd4 {[%emt 0:00:08]} 26. Bxd4 {[%emt 0:00:05]} fxe4 {[%emt 0:00:24]} 27. Bxe4 {[%emt 0:00:35]} Bf5 {[%emt 0:04:08]} 28. Bc2 {[%emt 0:07:43]} Bxc2 {[%emt 0:00:46]} 29. Rxc2 {[%emt 0:00:16]} Nf5 {[%emt 0:01:39]} 30. Bb2 {[%emt 0:06:57]} Nd6 {[%emt 0:01:43]} 31. Rd1 {[%emt 0:02:11]} Nxb5 32. Rd7 {[%emt 0:00:25]} g6 {[%emt 0:03:42]} 33. Rg7+ {[%emt 0:00:45]} Kf8 {[%emt 0:00:03]} 34. Rxh7 {[%emt 0:00:14]} c5 {[%emt 0:00:43]} 35. Rc4 {[%emt 0:00:46]} Nd4 {[%emt 0:00:41]} 36. Bxd4 {[%emt 0:00:17]} cxd4 {[%emt 0:00:17]} 37. Rxc8 {[%emt 0:00:10]} 1-0

[Event "37th Zalakaros Festival 2018"]
[Site "Zalakaros"]
[Date "2018.06.01"]
[Round "8"]
[White "Kincs, Imre"]
[Black "Bokros, Albert"]
[Result "1-0"]
[WhiteElo "2210"]
[BlackElo "2480"]
[Annotator "TA"]
[PlyCount "83"]
[EventDate "2018.??.??"]
[EventType "swiss"]
[EventCountry "HUN"]
[SourceTitle "playchess.com"]
[Source "ChessBase"]
[SourceQuality "1"]

{[%evp 20,83,47,31,56,52,47,32,125,82,89,93,84,75,72,64,95,102,99,80,91,0,0,-12,-19,-7,-24,-10,0,-16,7,16,288,285,277,287,285,285,500,223,454,349,444,438,602,602,597,600,584,593,635,436,724,719,715,711,702,710,699,691,1131,1033,29984,29977,29988,29989]} 1. e4 c5 2. Nf3 e6 3. d4 cxd4 4. Nxd4 Nf6 5. Nc3 d6 6. Bg5 Be7 7. f4 h6 8. Bxf6 Bxf6 9. Qd2 a6 10. O-O-O O-O 11. Kb1 b5 {B95: Sicilian Najdorf: 6 Bg5 e6, unusual White 7th moves} 12. g4 {[%cal Bg2g4,Bg4g5][%mdl 32]} Bb7 13. Bg2 Nd7 {[#]} (13... Bxd4 $1 $14 14. Qxd4 Nc6 15. Qxd6 Qb6) (13... Qb6 14. Nce2 Nc6 15. Nxc6 Bxc6 16. Ng3 b4 17. Nh5 Bc3 18. Qd3 g6 19. Ng3 {0-1 (37) Gvetadze,S (2363)-Ter Karapetian,A (2093) Tbilisi 2010}) 14. h4 $146 {[%mdl 512]} ({Predecessor:} 14. e5 Bxg2 15. Qxg2 dxe5 16. fxe5 Bh4 17. Nf3 Ra7 18. Ne4 Qe7 19. g5 Bxg5 20. Nfxg5 hxg5 21. h4 g4 22. Rxd7 Rxd7 23. Nf6+ Kh8 24. Qxg4 g6 25. h5 Kg7 26. hxg6 {1-0 (26) Cordovil,J-Garcia Martinez,S Siegen 1970}) 14... Nb6 ({Much worse is} 14... Bxh4 15. e5 $11) 15. g5 Nc4 16. Qe2 Bxd4 17. Rxd4 e5 18. fxe5 Qb6 19. Rd3 {exd6 is the strong threat.} Nxe5 {[#]} 20. Rg3 {[#]} ({White should try} 20. gxh6 $1 $16 {[%mdl 512]} Nxd3 (20... gxh6 21. Nd5) 21. hxg7) 20... h5 $1 $11 {[%mdl 512]} 21. Qxh5 Qf2 22. g6 $1 fxg6 23. Qg5 $1 b4 24. Nd1 Qe2 25. Ne3 $40 {[%mdl 128] Strongly threatening h5. Black needs to defend precisely.} Qh5 $2 {[%mdl 8192]} (25... Rf6 $1 $11 {and Black has nothing to worry.}) 26. Qe7 $18 Bc6 27. Qxd6 {Hoping for Rg5.} Rf6 28. Qxb4 {And now Rg5 would win.} Qe2 $2 {[#]} (28... Rd8 {keeps fighting.} 29. Qb3+ (29. Rg5 Qe2 $18) 29... Nf7) 29. Qe1 (29. h5 $142 $1 Qb5 (29... gxh5 30. Qb3+) 30. Qc3) 29... Qb5 $2 (29... Qxe1+ 30. Rxe1 Rf2) 30. b3 a5 31. Rg5 Qb8 32. Qc3 Nf7 33. Rc5 Qb7 34. h5 a4 35. Ng4 Re6 (35... Rd6 $142 36. b4 gxh5) 36. h6 gxh6 37. Nxh6+ Nxh6 38. Rxh6 {Qh8+ would kill now.} Qg7 39. Rxc6 Rxc6 40. Qxc6 Rd8 41. Rh1 a3 {[#]} 42. e5 $1 {Precision: White = 66%, Black = 33%.} 1-0

[Event "37th Zalakaros Festival 2018"]
[Site "Zalakaros"]
[Date "2018.06.01"]
[Round "8"]
[White "Karacsonyi, Gellert"]
[Black "Astaneh Lopez, Alex"]
[Result "0-1"]
[WhiteElo "2208"]
[BlackElo "2446"]
[Annotator "TA"]
[PlyCount "94"]
[EventDate "2018.??.??"]
[EventType "swiss"]
[EventCountry "HUN"]
[SourceTitle "playchess.com"]
[Source "ChessBase"]
[SourceQuality "1"]

{[%evp 22,94,0,-16,-21,-3,17,15,15,10,4,-7,13,-30,-17,-13,-27,-23,13,3,11,0,0,0,0,-14,0,0,7,6,21,0,0,0,0,0,7,0,6,0,13,0,12,0,0,-185,-158,-262,-267,-262,-223,-385,-375,-516,-418,-954,-586,-681,-679,-690,-690,-690,-690,-668,-668,-646,-644,-577,-462,-460,-459,-424,-413,-400,-399]} 1. e4 e5 2. Nf3 Nc6 3. Bb5 Nf6 4. O-O Nxe4 5. d4 Nd6 6. Bxc6 dxc6 7. dxe5 Nf5 8. Qxd8+ Kxd8 9. h3 Ke8 10. Nc3 h6 11. g4 {C67: Ruy Lopez: Berlin Defence: 4 0-0 Nxe4} (11. Rd1 Bd7 12. Bf4 Rd8 13. a4 h5 14. a5 Be7 15. a6 b6 16. Ng5 Bc8 17. Rxd8+ Bxd8 18. Rd1 Be7 19. Nce4 {1-0 (43) Vachier Lagrave,M (2796)-Gupta,A (2645) Caleta 2017}) 11... Ne7 12. Kg2 {LiveBook: 3 Games} h5 13. Kg3 {The position is equal.} hxg4 $146 ({Predecessor:} 13... Ng6 14. Ne4 Be7 15. Bd2 Be6 16. Rae1 Rd8 17. b3 Rd5 18. c4 Rd3 {½-½ (44) Pinero Fernandez,X (2162)-Granados Gomez,M (2358) Paretana 2000}) 14. hxg4 f5 15. g5 Ng6 {aiming for ...f4+!} 16. Bf4 Bc5 17. Na4 Be7 18. Rh1 Rxh1 19. Rxh1 c5 20. Nh4 Nf8 21. Nc3 Be6 22. Be3 a6 23. a4 Rb8 24. f4 Kd7 25. Nf3 Ng6 26. Nh4 (26. a5 {keeps more tension.} Kc6 27. Ra1 Rh8 28. b3 Rd8 29. Ne2) 26... Nxh4 27. Rxh4 Kc6 28. Rh7 Rg8 29. Rh1 Bc4 30. b3 Be6 31. Ne2 Bd5 32. Rh7 Be4 33. Rh2 $2 (33. c4 $11 {and White stays safe.}) 33... Bxc2 $19 34. Nd4+ (34. Nc1 $17 Be4 35. Ne2) 34... cxd4 35. Rxc2+ Kd5 36. Rxc7 $2 (36. Bxd4 {was worth a try.} Kxd4 37. Rc4+ Kd5 38. Rxc7) 36... dxe3 37. Rxe7 {[%mdl 4096] Endgame Threatens to win with Kf3. KR-KR} Rh8 38. Rxg7 (38. Rc7 $142 Ke4 39. Rc1) 38... Rh3+ 39. Kg2 {[#]} Rh2+ $1 40. Kf1 {[#]} Ke4 $1 {[%cal Re4f3]} 41. g6 Rf2+ 42. Ke1 Rg2 {( -> ...Kf3)} 43. Rh7 Rxg6 44. Ke2 Kxf4 {White must now prevent ...Ke4.} 45. Rh4+ Kxe5 46. Kxe3 Rg3+ 47. Kf2 Rxb3 {Precision: White = 33%, Black = 65%.} 0-1

[Event "37th Zalakaros Festival 2018"]
[Site "Zalakaros"]
[Date "2018.06.01"]
[Round "8"]
[White "Pribelszky, Bence"]
[Black "Fancsy, Imre"]
[Result "1-0"]
[WhiteElo "2187"]
[BlackElo "2388"]
[Annotator "NA"]
[PlyCount "55"]
[EventDate "2018.??.??"]
[EventType "swiss"]
[EventCountry "HUN"]
[SourceTitle "playchess.com"]
[Source "ChessBase"]
[SourceQuality "1"]
[TimeControl "40/5400+30:1800+30"]

1. e4 {[%emt 0:00:03]} c5 {[%emt 0:05:55]} 2. Nf3 {[%emt 0:00:08]} e6 {[%emt 0:00:21]} 3. d4 {[%emt 0:00:09]} cxd4 {[%emt 0:00:11]} 4. Nxd4 {[%emt 0:00:09]} a6 {[%emt 0:00:18]} 5. Nc3 {[%emt 0:00:11]} Qc7 {[%emt 0:00:14]} 6. Bd3 {[%emt 0:00:24]} Nc6 {[%emt 0:00:18]} 7. Nb3 {[%emt 0:00:36]} Nf6 {[%emt 0:02:01]} 8. O-O {[%emt 0:00:38]} b5 {[%emt 0:00:45]} 9. f4 {[%emt 0:02:56]} d6 {[%emt 0:00:24]} 10. Qf3 {[%emt 0:02:30]} Be7 {[%emt 0:11:22]} 11. Be3 {[%emt 0:08:30]} O-O {[%emt 0:02:55]} 12. a4 {[%emt 0:04:38]} b4 {[%emt 0:07:30] LiveBook: 5 Games} 13. Nd1 $11 {[%emt 0:02:03]} e5 {[%emt 0:06:53]} 14. f5 {[%emt 0:02:36]} Bb7 {[%emt 0:09:41]} 15. Nf2 {[%emt 0:03:25]} Na5 {[%emt 0:08:14]} 16. Nxa5 {[%emt 0:07:53]} Qxa5 {[%emt 0:00:44]} 17. g4 {[%emt 0:04:36]} d5 {[%emt 0:06:24]} 18. g5 {[%emt 0:05:08]} dxe4 {[%emt 0:01:14]} 19. Nxe4 {[%emt 0:02:55]} Nxe4 {[%emt 0:00:28]} 20. Bxe4 {[%emt 0:00:10]} Bxe4 {[%emt 0:00:23]} 21. Qxe4 {[%emt 0:00:11]} Rfe8 {[%emt 0:02:33]} 22. f6 {[%emt 0:09:17]} Bc5 {[%emt 0:04:22]} 23. Rae1 {[%emt 0:06:46]} Rac8 {[%emt 0:11:59]} 24. fxg7 {[%emt 0:04:58]} Qxa4 {[%emt 0:11:52]} 25. Bxc5 {[%emt 0:08:05]} Rxc5 {[%emt 0:00:16]} 26. Qb7 {[%emt 0:02:54]} Kxg7 {[%emt 0:05:04]} 27. Rxf7+ {[%emt 0:02:00]} Kg6 {[%emt 0:00:07]} 28. Rf6+ {[%emt 0:01:30]} 1-0

[Event "37th Zalakaros Festival 2018"]
[Site "Zalakaros"]
[Date "2018.06.01"]
[Round "8"]
[White "Sonnberger, Thomas"]
[Black "Srinath, Rao S V"]
[Result "0-1"]
[WhiteElo "2186"]
[BlackElo "2363"]
[Annotator "NA"]
[PlyCount "68"]
[EventDate "2018.??.??"]
[EventType "swiss"]
[EventCountry "HUN"]
[SourceTitle "playchess.com"]
[Source "ChessBase"]
[SourceQuality "1"]
[TimeControl "40/5400+30:1800+30"]

1. Nf3 {[%emt 0:01:15]} g6 {[%emt 0:03:37]} 2. g3 {[%emt 0:01:46]} Bg7 {[%emt 0:00:04]} 3. d4 {[%emt 0:00:03]} e6 {[%emt 0:01:18]} 4. e4 {[%emt 0:03:01]} Ne7 {[%emt 0:00:07]} 5. Bg2 {[%emt 0:00:52]} d5 {[%emt 0:00:06]} 6. Nc3 {[%emt 0:01:25]} Nbc6 {[%emt 0:00:36]} 7. exd5 {[%emt 0:01:30]} exd5 {[%emt 0:00:17]} 8. O-O {[%emt 0:01:35]} Bg4 {[%emt 0:00:46]} 9. Ne2 {[%emt 0:00:34]} Qd7 {[%emt 0:00:20]} 10. c3 {[%emt 0:03:33]} f6 {[%emt 0:00:36]} 11. Nf4 {[%emt 0:02:34]} g5 {[%emt 0:02:00]} 12. Nd3 {[%emt 0:02:44]} b6 {[%emt 0:01:27]} 13. h3 {[%emt 0:02:15]} Bf5 {[%emt 0:01:56]} ({Doch nicht} 13... Bxh3 {[#]} 14. Nfe5 $1 $16 {[%mdl 512]}) 14. b4 {[%emt 0:06:45]} a6 {[%emt 0:01:46]} 15. a4 {[%emt 0:00:57]} h5 {[%emt 0:00:19]} 16. h4 {[%emt 0:00:37]} Ng6 {[%emt 0:02:11]} 17. Re1+ {[%emt 0:02:40]} Kf7 $18 {[%emt 0:06:17]} (17... Nce7 $142 18. hxg5 Bg4) 18. hxg5 {[%emt 0:11:16]} Bg4 {[%emt 0:04:23]} 19. Bf4 {[%emt 0:09:54]} h4 {[%emt 0:03:32]} 20. b5 {[%emt 0:02:32]} axb5 {[%emt 0:02:49]} 21. axb5 {[%emt 0:00:02]} Rxa1 {[%emt 0:00:06]} 22. Qxa1 {[%emt 0:01:21]} Nce7 {[%emt 0:04:37]} 23. gxf6 {[%emt 0:01:27]} Bxf6 {[%emt 0:00:11]} 24. Nfe5+ {[%emt 0:04:43]} Bxe5 {[%emt 0:00:13]} 25. Nxe5+ {[%emt 0:00:43]} Nxe5 {[%emt 0:00:06]} 26. Bxe5 {[%emt 0:01:40]} Rg8 {[%emt 0:05:18]} 27. Qa7 {[%emt 0:04:45]} h3 {[%emt 0:00:45]} 28. Bh1 {[%emt 0:08:11]} Qf5 {[%emt 0:02:07]} 29. Bf4 {[%emt 0:02:43]} Rc8 {[%emt 0:01:58]} 30. Qa2 {[%emt 0:01:17]} h2+ {[%emt 0:01:04]} 31. Kxh2 {[%emt 0:01:12]} Rh8+ {[%emt 0:00:04]} 32. Kg1 {[%emt 0:00:36]} Rxh1+ {[%emt 0:00:14]} 33. Kxh1 {[%emt 0:00:16]} Bf3+ {[%emt 0:00:03]} 34. Kg1 {[%emt 0:00:19]} Qh3 {[%emt 0:01:24]} 0-1

[Event "37th Zalakaros Festival 2018"]
[Site "Zalakaros"]
[Date "2018.06.01"]
[Round "8"]
[White "Piroska, Istvan"]
[Black "Doric, Nenad"]
[Result "0-1"]
[WhiteElo "2159"]
[BlackElo "2250"]
[Annotator "NA"]
[PlyCount "70"]
[EventDate "2018.??.??"]
[EventType "swiss"]
[EventCountry "HUN"]
[SourceTitle "playchess.com"]
[Source "ChessBase"]
[SourceQuality "1"]
[TimeControl "40/5400+30:1800+30"]

1. e4 {[%emt 0:00:15]} c5 {[%emt 0:00:57]} 2. Nf3 {[%emt 0:00:15]} d6 {[%emt 0:00:21]} 3. d4 {[%emt 0:00:09]} cxd4 {[%emt 0:00:08]} 4. Nxd4 {[%emt 0:00:10]} Nf6 {[%emt 0:00:13]} 5. Nc3 {[%emt 0:00:09]} a6 {[%emt 0:00:21]} 6. Be2 {[%emt 0:00:43]} e6 {[%emt 0:01:23] LiveBook: 4720 Games} 7. O-O {[%emt 0:00:38]} Be7 {[%emt 0:00:11]} 8. f4 {[%emt 0:01:04]} Qc7 {[%emt 0:00:52]} 9. Bf3 {[%emt 0:00:47]} O-O {[%emt 0:01:02]} 10. Be3 {[%emt 0:00:42]} Nc6 {[%emt 0:02:29]} 11. Nxc6 {[%emt 0:00:48]} bxc6 {[%emt 0:00:14]} 12. Na4 {[%emt 0:00:17]} Rb8 {[%emt 0:04:56]} 13. c4 {[%emt 0:00:50]} c5 {[%emt 0:03:42]} 14. Qc2 {[%emt 0:00:33]} Nd7 {[%emt 0:02:52]} 15. b3 {[%emt 0:01:44]} Bb7 {[%emt 0:01:23]} 16. Rad1 {[%emt 0:00:50]} Rbd8 {[%emt 0:02:26]} 17. Nc3 {[%emt 0:02:25]} Bf6 {[%emt 0:03:23]} 18. Rd3 {[%emt 0:03:21]} Nb8 {[%emt 0:01:38]} 19. Qf2 {[%emt 0:07:35]} Nc6 {[%emt 0:04:29]} 20. Ne2 {[%emt 0:06:03]} Be7 {[%emt 0:12:13]} 21. Kh1 $11 {[%emt 0:01:54]} Qb8 {[%emt 0:09:52]} 22. Ng3 {[%emt 0:03:59]} Qa8 {[%emt 0:02:37]} 23. Rfd1 {[%emt 0:08:08]} a5 {[%emt 0:06:41]} 24. e5 {[%emt 0:03:28]} dxe5 {[%emt 0:09:16]} 25. Bxc5 {[%emt 0:07:48]} exf4 {[%emt 0:04:33]} 26. Ne2 {[%emt 0:09:53]} Rxd3 {[%emt 0:02:28]} 27. Rxd3 {[%emt 0:00:26]} Ne5 {[%emt 0:00:25]} 28. Bxb7 {[%emt 0:01:44]} Bxc5 {[%emt 0:02:10]} 29. Qxc5 {[%emt 0:04:14]} Nxd3 {[%emt 0:00:10]} 30. Qb6 {[%emt 0:02:38]} Qb8 {[%emt 0:03:17]} 31. h3 {[%emt 0:00:51]} Qe5 {[%emt 0:01:54]} 32. Nd4 {[%emt 0:02:42]} Qe1+ {[%emt 0:01:04]} 33. Kh2 {[%emt 0:00:07]} Qg3+ {[%emt 0:00:04]} 34. Kg1 {[%emt 0:00:32]} Qe3+ {[%emt 0:00:13]} 35. Kh2 {[%emt 0:00:15]} e5 {[%emt 0:00:15]} 0-1